Bilecik Bilecik Bilecik Bilecik Bilecik

Saltık Gazi destanı/ (Record no. 6587)

MARC details
000 -BAŞLIK
Sabit Uzunluktaki Kontrol Alanı 01155nam a22003737a 4500
001 - KONTROL NUMARASI
Control Dosyası 0006606
003 - KONTROL NUMARASI KİMLİĞİ
Kontrol Alanı KOHA_MİRAKIL
005 - EN SON İŞLEM TARİHİ ve ZAMANI
Kontrol Alanı 20260207001528.0
007 - FİZİKSEL TANIM SABİT ALAN - GENEL BİLGİ
Sabit uzunluklu kontrol alanı ta
008 - SABİT UZUNLUKTAKİ VERİ ÖGELERİ - GENEL BİLGİ
Sabit Alan 091111b2007 tu |||gr||||#0|||1|tur |
020 ## - ISBN - ULUSLARARASI STANDART KİTAP NUMARASI
Isbn 9789944788038
Nitelik bilgileri
020 ## - ISBN - ULUSLARARASI STANDART KİTAP NUMARASI
Isbn 9789944788021
Nitelik bilgileri
040 ## - KATALOGLAMA KAYNAĞI
Özgün Kataloglama Kurumu TR-BiSEU
Kataloglama Dili tur
Çeviri Kurumu TR-BiSEU
Açıklama Kuralları rda
041 0# - DİL KODU
Metin ya da ses kaydının dil kodu tur
044 ## - YAYINLAYAN/ÜRETEN KURULUŞUN ÜLKE KODU
ISO country code tu
050 ## - SINIFLAMA ve YER NUMARASI
Sınıflama Numarası PL248.E28
Yer Numarası S24 2007
100 0# - KİŞİ ADI
Yazar Adı (Kişi adı) Ebu'l-Hayr-ı Rumı̂.
245 1# - ESER ADI BİLDİRİMİ
Başlık Saltık Gazi destanı/
Sorumluluk Bildirimi Ebu'l-Hayr-ı Rumı̂ ; Necati Demir, Mehmet Dursun Erdem.
264 #1 - ÜRERİM, YAYIN, DAĞITIM ve TELİF BİLDİRİMİ
Yayın yeri Ankara :
Yayınlayan Destan Yayınları
Yayın tarihi 2007
300 ## - FİZİKSEL TANIMLAMA
Sayfa, Cilt vb. 702 sayfa
336 ## - İÇERİK TÜRÜ
Content type term metin
Content type code txt
Source rdacontent
337 ## - MEDYA TÜRÜ
Media type term aracısız
Media type code n
Source rdamedia
338 ## - TAŞIYICI TÜRÜ
Carrier type term cilt
Carrier type code nc
Source rdacarrier
490 1# - DİZİ BİLDİRİMİ
Dizi Bildirimi Türk destanları dizisi.Türkiye Türkçesi ;
Cilt Numarası 7.
490 1# - DİZİ BİLDİRİMİ
Dizi Bildirimi Destan ;
Cilt Numarası 3.
500 ## - GENEL NOT
Genel Not Cilt 1-2-3 birlikte
650 #0 - KONU BAŞLIĞI EK GİRİŞ - KONU TERİMİ
Konusal terim veya coğrafi ad Sarı Saltuk, 15th cent.
9 (RLIN) 16323
650 #0 - KONU BAŞLIĞI EK GİRİŞ - KONU TERİMİ
Konusal terim veya coğrafi ad Epic literature, Turkish.
9 (RLIN) 16324
650 #0 - KONU BAŞLIĞI EK GİRİŞ - KONU TERİMİ
Konusal terim veya coğrafi ad Folk literature, Turkish.
9 (RLIN) 6296
830 1# - SERİ EK GİRİŞİ - TEKBİÇİM ESER ADI
Tekbiçim Başlık Türk destanları dizisi.Türkiye Türkçesi ;
Volume number/sequential designation 7.
9 (RLIN) 16325
830 1# - SERİ EK GİRİŞİ - TEKBİÇİM ESER ADI
Tekbiçim Başlık Destan ;
Volume number/sequential designation 3.
9 (RLIN) 16326
907 ## - LOCAL DATA ELEMENT G, LDG (RLIN)
a Roman
942 ## - EK GİRİŞ ÖGELERİ (KOHA)
Source of classification or shelving scheme Library of Congress Classification
Koha item type Book
Holdings
Materyal Türü Kalıcı Konum Mevcut Konum Raf Yeri Sınıflandırma Kaynağı Edinim Bilgisi Ana Konular Alt Konular Yer Numarası Cilt Bilgisi Demirbaş Numarası Fatura Tarihi Maliyet, Alış Fiyatı Maliyet, Yenileme Fiyatı Geri Çekilme Durumu Kayıp Durumu Hasarlı Durumu Kredi için değil Kayıt Tarih Toplam Ödünçverme Son Görülme Tarihi Son Kontrol Tarihi Genel / Bağış Notu
Book Prof. Dr. Azmi Özcan Kütüphanesi Prof. Dr. Azmi Özcan Kütüphanesi Birûni Salonu Library of Congress Classification Bağış DİL VE EDEBİYAT Doğu Asya, Afrika, Okyanusya Dilleri ve Edebiyatları PL248.E28 S24 2007 c.1-2-3 0006606 13/08/2010 15.00 15.00         03/08/2009   05/12/2024 05/12/2024 Genel Bağış
Book Prof. Dr. Azmi Özcan Kütüphanesi Prof. Dr. Azmi Özcan Kütüphanesi Birûni Salonu Library of Congress Classification Bağış DİL VE EDEBİYAT Doğu Asya, Afrika, Okyanusya Dilleri ve Edebiyatları PL248.E28 S24 2007 c.1-2-3 0010485 13/08/2010             11/11/2009 3 05/12/2024 05/12/2024 Genel Bağış